[Event "2. Bundesliga Ost 2010/2011"]
[Site "2+3.10.Zwettl,30.10-1.11.Wien,27+28.11.Wien,29+30.
[Date "2010.10.02"]
[Round "1"]
[Board "1"]
[White "Fauland, Alexander"]
[Black "Hodisch, Juri"]
[Result "1/2-1/2"]
[WhiteElo "2436"]
[BlackElo "2393"]
[PlyCount "66"]
[EventDate "2010.10.02"]
[EventType "team"]
[EventRounds "11"]
[EventCountry "AUT"]
[WhiteTeam "Raiffeisen Waehring"]
[BlackTeam "Aljechin/Wieden"]

1.d4 Nf6 2.c4 e6 3.Nc3 Bb4 4.a3 Bxc3+ 5.bxc3 O-O 6.f3 d5 7.cxd5 exd5 8.e3 c5
9.Bd3 b6 10.Ne2 Ba6 11.Bxa6 Nxa6 12.g4 Nc7 13.Ng3 Ne6 14.O-O Rc8 15.Ra2 cxd4
16.cxd4 Rc4 17.Kg2 Qc7 18.Bd2 Rc8 19.Qe2 Qd7 20.Qd3 g6 21.h4 Qa4 22.Rf2 Rc2
23.Bb4 Rxa2 24.Rxa2 Rc4 25.Rb2 Qc6 26.Bd2 b5 27.Nh1 h5 28.g5 Ne8 29.Ng3 Nd6
30.Ne2 Nf5 31.Be1 a6 32.Bf2 Nd6 33.Ra2 Qb7 1/2-1/2

[Event "2. Bundesliga Ost 2010/2011"]
[Site "2+3.10.Zwettl,30.10-1.11.Wien,27+28.11.Wien,29+30.
[Date "2010.10.02"]
[Round "1"]
[Board "2"]
[White "Heiny, Johannes"]
[Black "Mahdy, Khaled"]
[Result "1/2-1/2"]
[WhiteElo "2263"]
[BlackElo "2401"]
[PlyCount "94"]
[EventDate "2010.10.02"]
[EventType "team"]
[EventRounds "11"]
[EventCountry "AUT"]
[WhiteTeam "Aljechin/Wieden"]
[BlackTeam "Raiffeisen Waehring"]

1.d4 Nf6 2.c4 d6 3.Nc3 g6 4.e4 Bg7 5.Nf3 O-O 6.Be2 c5 7.d5 e6 8.dxe6 Bxe6 9.Bf4
Qb6 10.Qb3 Qc6 11.Ng5 Ne8 12.e5 Qd7 13.Rd1 Nc6 14.Nf3 Rd8 15.Ne4 Bg4 16.Nxd6
Bxf3 17.gxf3 Nxd6 18.Rxd6 Qf5 19.Be3 Bxe5 20.Rd5 Rxd5 21.cxd5 Nd4 22.Bxd4 Bxd4
23.Qxb7 Qb1+ 24.Bd1 Bc3+ 25.Kf1 Bxb2 26.Kg2 Qc1 27.f4 Bd4 28.Qc7 Qd2 29.Rf1 Be3
30.Bf3 Bxf4 31.Qxc5 Be5 32.Qe3 Qb2 33.Rd1 Bd6 34.a4 Qf6 35.Rd3 Rb8 36.Rb3 Rc8
37.h3 Rc2 38.Rb5 h5 39.Be4 Rc3 40.Bd3 Bf4 41.Qe4 Qg5+ 42.Kf3 Bd6 43.Rb7 Qf6+
44.Ke2 Kg7 45.Qe6 Rc7 46.Qxf6+ Kxf6 47.Rxc7 Ke5 1/2-1/2

[Event "2. Bundesliga Ost 2010/2011"]
[Site "2+3.10.Zwettl,30.10-1.11.Wien,27+28.11.Wien,29+30.
[Date "2010.10.02"]
[Round "1"]
[Board "3"]
[White "Alvir, Aco"]
[Black "Groetz, Harald"]
[Result "1-0"]
[WhiteElo "2360"]
[BlackElo "2321"]
[PlyCount "120"]
[EventDate "2010.10.02"]
[EventType "team"]
[EventRounds "11"]
[EventCountry "AUT"]
[WhiteTeam "Raiffeisen Waehring"]
[BlackTeam "Aljechin/Wieden"]

1.e4 e5 2.Nf3 Nc6 3.Bb5 Bc5 4.O-O Nd4 5.Nxd4 exd4 6.Bc4 d6 7.d3 Ne7 8.Qh5 O-O
9.Nd2 Be6 10.Bxe6 fxe6 11.Nf3 Qe8 12.Qg4 Nc6 13.Ng5 Rf6 14.f4 h6 15.Nh3 Qf7
16.Bd2 Rf8 17.Qe2 Bb4 18.Bxb4 Nxb4 19.a3 Nc6 20.Rf2 e5 21.f5 d5 22.g4 dxe4
23.dxe4 Rd6 24.g5 Qd7 25.Rg2 Nd8 26.Rd1 b5 27.Rd3 Nf7 28.gxh6 Nxh6 29.Rdg3 Rf7
30.Ng5 Re7 31.Ne6 Rdxe6 32.fxe6 Qxe6 33.Rg6 Qh3 34.Qd3 Qh4 35.R2g3 Kh7 36.Qf3
Qf4 37.Rc6 Qxf3 38.Rxf3 Ng4 39.Rc5 a6 40.Rf5 g6 41.Rf3 Ne3 42.Rf6 Kh6 43.Rcc6
Kg5 44.h3 Rh7 45.Rf3 Nc4 46.Re6 Rd7 47.b3 Nxa3 48.Rxe5+ Kh6 49.Rc5 Nb1 50.Rc6
Nd2 51.Rff6 Nxe4 52.Rxg6+ Kh7 53.Rh6+ Kg7 54.Rcg6+ Kf7 55.Rxa6 Nd6 56.Rh7+ Ke6
57.Rxd7 Kxd7 58.h4 Nf5 59.h5 Ke7 60.Rc6 Kf8 1-0

[Event "2. Bundesliga Ost 2010/2011"]
[Site "2+3.10.Zwettl,30.10-1.11.Wien,27+28.11.Wien,29+30.
[Date "2010.10.02"]
[Round "1"]
[Board "4"]
[White "Albadri, Abd Al Sattar"]
[Black "Wallner, Joachim"]
[Result "0-1"]
[WhiteElo "2226"]
[BlackElo "2294"]
[PlyCount "100"]
[EventDate "2010.10.02"]
[EventType "team"]
[EventRounds "11"]
[EventCountry "AUT"]
[WhiteTeam "Aljechin/Wieden"]
[BlackTeam "Raiffeisen Waehring"]

1.d4 d5 2.Nf3 Nf6 3.b3 Bf5 4.Bb2 e6 5.Nbd2 Be7 6.e3 O-O 7.Be2 h6 8.O-O Nbd7 9.c4
c6 10.Ne5 Nxe5 11.dxe5 Nd7 12.Nf3 dxc4 13.Bxc4 Nb6 14.Be2 Qc7 15.Nd4 Rfd8 16.Qc1
Bg6 17.f4 Nd5 18.f5 Bxf5 19.Rxf5 exf5 20.Nxf5 Bf8 21.e4 Qb6+ 22.Kh1 Nc7 23.Qf4
Ne6 24.Qg4 Kh7 25.Rf1 Rd7 26.Bc4 Re8 27.Nd6 Bxd6 28.exd6 Qe3 29.h4 g6 30.h5 Qg5
31.hxg6+ Qxg6 32.Qh3 Rg8 33.Rf6 Qg5 34.e5 Re8 35.Bd3+ Kg7 36.Rf1 h5 37.Bf5 h4
38.Bxe6 fxe6 39.Bd4 Rf8 40.Re1 Rf5 41.Bxa7 Kf8 42.Bd4 Rg7 43.Be3 Qh5 44.Bc5 Ke8
45.Qc3 Qg4 46.Rg1 h3 47.g3 Qe4+ 48.Kh2 Qe2+ 49.Kh1 Rf1 50.Qa5 Qg2# 0-1

[Event "2. Bundesliga Ost 2010/2011"]
[Site "2+3.10.Zwettl,30.10-1.11.Wien,27+28.11.Wien,29+30.
[Date "2010.10.02"]
[Round "1"]
[Board "5"]
[White "Lovrinovic, Christian"]
[Black "Hadjieff, Dieter"]
[Result "0-1"]
[WhiteElo "2193"]
[BlackElo "2175"]
[PlyCount "111"]
[EventDate "2010.10.02"]
[EventType "team"]
[EventRounds "11"]
[EventCountry "AUT"]
[WhiteTeam "Raiffeisen Waehring"]
[BlackTeam "Aljechin/Wieden"]

1.d4 Nf6 2.c4 e6 3.Nc3 Bb4 4.Nf3 Bxc3+ 5.bxc3 d6 6.g3 b6 7.Qa4+ Qd7 8.Qb3 Nc6
9.Bg2 Bb7 10.c5 O-O 11.cxd6 cxd6 12.O-O Rac8 13.Bd2 Na5 14.Qc2 Be4 15.Qd1 h6
16.Rc1 Rc7 17.Ne1 Bxg2 18.Nxg2 Rfc8 19.f4 Ne4 20.Rf3 Nc4 21.Be1 d5 22.Rb1 b5
23.Rd3 a6 24.Nh4 Nb6 25.Rb3 Na4 26.Qa1 f6 27.Nf3 Qf7 28.Kg2 Kh8 29.Ra3 Qg6
30.Re3 Qf7 31.Rd3 Nd6 32.Rb3 Nc4 33.Rb4 Qg6 34.Nd2 Nd6 35.Rb3 Qf5 36.Ra3 Nc4
37.Rb3 Nxd2 38.Bxd2 Qh5 39.Re3 Rc6 40.Qe1 Nb6 41.Rd3 Qg6 42.Qf2 Qe4+ 43.Qf3 Kg8
44.Be1 Kf7 45.Kf2 Qxf3+ 46.exf3 Rc4 47.Ra3 Ra4 48.Rxa4 Nxa4 49.Ke2 f5 50.h3 h5
51.Kf2 Rc4 52.Re3 Nb2 53.g4 Nd1+ 54.Ke2 Nxe3 55.Kxe3 g6 56.Kf2 0-1

[Event "2. Bundesliga Ost 2010/2011"]
[Site "2+3.10.Zwettl,30.10-1.11.Wien,27+28.11.Wien,29+30.
[Date "2010.10.02"]
[Round "1"]
[Board "6"]
[White "Batyte, Daiva"]
[Black "Nolz, Tom"]
[Result "1/2-1/2"]
[WhiteElo "2167"]
[BlackElo "2165"]
[PlyCount "119"]
[EventDate "2010.10.02"]
[EventType "team"]
[EventRounds "11"]
[EventCountry "AUT"]
[WhiteTeam "Aljechin/Wieden"]
[BlackTeam "Raiffeisen Waehring"]

1.c4 Nf6 2.Nc3 e5 3.e3 g6 4.Nf3 d6 5.d4 Nbd7 6.g3 Bg7 7.Bg2 O-O 8.O-O Nh5 9.b3
f5 10.Bb2 f4 11.dxe5 fxg3 12.hxg3 Nxe5 13.Nxe5 Bxe5 14.Na4 Bxb2 15.Nxb2 Nf6
16.Qd4 Qe7 17.Rad1 a6 18.Nd3 Bg4 19.Rd2 c5 20.Qf4 Bh3 21.Qf3 Bxg2 22.Qxg2 Ne4
23.Rc2 g5 24.Qh3 Rf6 25.Qg4 Rg6 26.Qf5 Rf8 27.Qd5+ Kg7 28.b4 Rgf6 29.bxc5 dxc5
30.Rb2 b6 31.Rfb1 Rd6 32.Qe5+ Qxe5 33.Nxe5 b5 34.cxb5 axb5 35.Rxb5 Nxf2 36.Rxc5
Rh6 37.Rc7+ Kg8 38.Kg2 Ne4 39.Ng4 Rd6 40.Rb2 h5 41.Re7 Nc3 42.Nf2 Rf7 43.Rxf7
Kxf7 44.Rc2 Nd1 45.Nxd1 Rxd1 46.Rf2+ Ke6 47.Kf3 Ke5 48.Rh2 Rf1+ 49.Ke2 Ra1
50.Rxh5 Ke4 51.Rxg5 Rxa2+ 52.Kf1 Kxe3 53.Rf5 Ke4 54.Rf8 Rb2 55.Kg1 Ke5 56.Rf4
Ra2 57.Kh1 Rb2 58.Rf1 Ra2 59.Kg1 Rb2 60.Rf2 1/2-1/2

[Event "2. Bundesliga Ost 2010/2011"]
[Site "2+3.10.Zwettl,30.10-1.11.Wien,27+28.11.Wien,29+30.
[Date "2010.10.02"]
[Round "1"]
[Board "1"]
[White "Polak, Thomas"]
[Black "Poetz, Florian"]
[Result "1-0"]
[WhiteElo "2535"]
[BlackElo "2350"]
[PlyCount "61"]
[EventDate "2010.10.02"]
[EventType "team"]
[EventRounds "11"]
[EventCountry "AUT"]
[WhiteTeam "SK Zwettl"]
[BlackTeam "Niederabsdorf"]

1.d4 Nf6 2.c4 e6 3.g3 Bb4+ 4.Bd2 c5 5.Bxb4 cxb4 6.Bg2 O-O 7.e4 d6 8.Ne2 Nc6
9.O-O e5 10.a3 Qb6 11.axb4 Qxb4 12.Nbc3 exd4 13.Nd5 Nxd5 14.cxd5 Nb8 15.Qxd4 Na6
16.Rfc1 Re8 17.Qxb4 Nxb4 18.Nd4 a5 19.Nb5 Rd8 20.Ra3 Kf8 21.Rc4 Ra6 22.Nc7 Rb6
23.Rxa5 Nd3 24.Rb5 Nxb2 25.Rd4 Rxb5 26.Nxb5 Ke7 27.Bf1 Bd7 28.Rb4 Bxb5 29.Bxb5
Nd1 30.Rc4 Kf6 31.Rc1 1-0

[Event "2. Bundesliga Ost 2010/2011"]
[Site "2+3.10.Zwettl,30.10-1.11.Wien,27+28.11.Wien,29+30.
[Date "2010.10.02"]
[Round "1"]
[Board "2"]
[White "Schwarhofer, Christopher"]
[Black "Blatny, Pavel"]
[Result "0-1"]
[WhiteElo "2222"]
[BlackElo "2402"]
[PlyCount "64"]
[EventDate "2010.10.02"]
[EventType "team"]
[EventRounds "11"]
[EventCountry "AUT"]
[WhiteTeam "Niederabsdorf"]
[BlackTeam "SK Zwettl"]

1.e4 e5 2.f4 Bc5 3.Nf3 d6 4.c3 Nf6 5.d4 exd4 6.cxd4 Bb4+ 7.Bd2 Bxd2+ 8.Nbxd2 Qe7
9.Bd3 O-O 10.O-O Nd5 11.Nc4 Nxf4 12.Bc2 Nc6 13.Qd2 Ng6 14.Ne3 Bd7 15.Qc3 Rae8
16.b4 Qd8 17.a4 Nce7 18.h4 d5 19.exd5 Nf4 20.Qb3 Nexd5 21.Nxd5 Be6 22.Ng5 Bxd5
23.Bxh7+ Kh8 24.Qd1 Ne2+ 25.Kh1 Qd6 26.Rf2 Qg3 27.Rxe2 Qxh4+ 28.Kg1 Rxe2 29.Qxe2
Qxd4+ 30.Kh2 Qf4+ 31.Kg1 Qxg5 32.Bd3 g6 0-1

[Event "2. Bundesliga Ost 2010/2011"]
[Site "2+3.10.Zwettl,30.10-1.11.Wien,27+28.11.Wien,29+30.
[Date "2010.10.02"]
[Round "1"]
[Board "3"]
[White "Vyskocil, Neklan"]
[Black "Schreiner, Peter"]
[Result "1/2-1/2"]
[WhiteElo "2376"]
[BlackElo "2257"]
[PlyCount "61"]
[EventDate "2010.10.02"]
[EventType "team"]
[EventRounds "11"]
[EventCountry "AUT"]
[WhiteTeam "SK Zwettl"]
[BlackTeam "Niederabsdorf"]

1.d4 d5 2.Nf3 Nf6 3.Bg5 c5 4.e3 Ne4 5.Bf4 cxd4 6.exd4 Qb6 7.Nc3 e6 8.Bd3 Bb4
9.O-O Bxc3 10.bxc3 Nxc3 11.Qe1 Ne4 12.Rb1 Qd8 13.Bxe4 dxe4 14.Qxe4 Nc6 15.c4 O-O
16.Rfe1 Ne7 17.d5 Ng6 18.Bd2 exd5 19.cxd5 Qd7 20.Bc3 b6 21.Qd4 f6 22.h4 h5 23.d6
Bb7 24.Qc4+ Qf7 25.Qd3 Rad8 26.Qf5 Rxd6 27.Qxh5 Rd3 28.Bb4 Rfd8 29.Re3 Rxe3
30.fxe3 Rd5 31.Qg4 1/2-1/2

[Event "2. Bundesliga Ost 2010/2011"]
[Site "2+3.10.Zwettl,30.10-1.11.Wien,27+28.11.Wien,29+30.
[Date "2010.10.02"]
[Round "1"]
[Board "4"]
[White "Wolfram, Bernd"]
[Black "Buchnicek, Petr"]
[Result "0-1"]
[WhiteElo "2186"]
[BlackElo "2305"]
[PlyCount "94"]
[EventDate "2010.10.02"]
[EventType "team"]
[EventRounds "11"]
[EventCountry "AUT"]
[WhiteTeam "Niederabsdorf"]
[BlackTeam "SK Zwettl"]

1.c4 c6 2.g3 d5 3.Bg2 Nf6 4.Nf3 Bg4 5.d4 e6 6.O-O Bd6 7.b3 O-O 8.Bb2 Ne4 9.Ne5
Bh5 10.f3 Nf6 11.Qd2 Nbd7 12.e4 dxe4 13.Nxd7 Nxd7 14.fxe4 e5 15.d5 Nf6 16.h3 Bg6
17.Nc3 Bc5+ 18.Kh2 Bd4 19.Rae1 Qe7 20.Nd1 c5 21.Nf2 Bxf2 22.Rxf2 Ne8 23.Qc3 f6
24.a3 Nd6 25.Qe3 Rfc8 26.h4 b5 27.cxb5 Nxb5 28.Bh3 Rc7 29.Rc2 Nd4 30.Bxd4 cxd4
31.Rxc7 Qxc7 32.Qd3 Qc5 33.Be6+ Bf7 34.b4 Qc7 35.Bxf7+ Kxf7 36.Qb3 Ke7 37.b5 Rc8
38.Qb4+ Qd6 39.Qa5 Rc2+ 40.Kg1 Qd7 41.Qa6 Qh3 42.Qe6+ Qxe6 43.dxe6 Kxe6 44.b6
axb6 45.Rb1 Ra2 46.Rxb6+ Ke7 47.Rb3 Kd6 0-1

[Event "2. Bundesliga Ost 2010/2011"]
[Site "2+3.10.Zwettl,30.10-1.11.Wien,27+28.11.Wien,29+30.
[Date "2010.10.02"]
[Round "1"]
[Board "5"]
[White "Wagner, Stefan"]
[Black "Hansen, Kay"]
[Result "1/2-1/2"]
[WhiteElo "2173"]
[BlackElo "2247"]
[PlyCount "85"]
[EventDate "2010.10.02"]
[EventType "team"]
[EventRounds "11"]
[EventCountry "AUT"]
[WhiteTeam "SK Zwettl"]
[BlackTeam "Niederabsdorf"]

1.c4 c6 2.g3 d5 3.Bg2 Nf6 4.Nf3 Bf5 5.cxd5 cxd5 6.Qb3 Qc8 7.Nc3 e6 8.O-O h6 9.d3
Nc6 10.Bf4 g5 11.Bd2 Bg7 12.Rfc1 O-O 13.Na4 Rb8 14.Bb4 Rd8 15.Be7 Rd7 16.Bc5 Qe8
17.Nd4 Nxd4 18.Bxd4 b6 19.Be5 Rc8 20.Rc2 Nh5 21.Bxg7 Nxg7 22.Rac1 Rdd8 23.Rc7
Rxc7 24.Rxc7 Rc8 25.Rxc8 Qxc8 26.Qc3 Qd7 27.b3 Ne8 28.Nb2 Nd6 29.a4 Nb7 30.b4 a5
31.bxa5 Nxa5 32.e3 Qd6 33.e4 dxe4 34.dxe4 Bg6 35.f3 Kf8 36.Bf1 Ke7 37.Bb5 f6
38.Kf2 h5 39.Ke3 h4 40.f4 hxg3 41.hxg3 Bh5 42.e5 gxf4+ 43.Ke4 1/2-1/2

[Event "2. Bundesliga Ost 2010/2011"]
[Site "2+3.10.Zwettl,30.10-1.11.Wien,27+28.11.Wien,29+30.
[Date "2010.10.02"]
[Round "1"]
[Board "6"]
[White "Wiedermann, Daniel"]
[Black "Zwettler, Martin"]
[Result "1-0"]
[WhiteElo "2192"]
[BlackElo "2195"]
[PlyCount "81"]
[EventDate "2010.10.02"]
[EventType "team"]
[EventRounds "11"]
[EventCountry "AUT"]
[WhiteTeam "Niederabsdorf"]
[BlackTeam "SK Zwettl"]

1.d4 e6 2.c4 b6 3.Nc3 Bb7 4.a3 f5 5.d5 Nf6 6.g3 Na6 7.Bg2 Nc5 8.Nh3 Bd6 9.O-O
O-O 10.Qc2 Be5 11.Bd2 Qe7 12.Rad1 Bxc3 13.Bxc3 Nce4 14.Bxf6 Qxf6 15.dxe6 dxe6
16.Rd7 Nc5 17.Bxb7 Nxd7 18.Bxa8 Rxa8 19.Rd1 Nf8 20.Qd2 h6 21.Nf4 g5 22.Ng2 Kf7
23.f3 Re8 24.e4 Kg7 25.Ne3 Ng6 26.exf5 exf5 27.Qd7+ Kf8 28.Qxf5 Qxf5 29.Nxf5 Re2
30.Rd8+ Kf7 31.Nxh6+ Ke7 32.Rd3 Ne5 33.Rc3 Rxb2 34.f4 gxf4 35.gxf4 Ng6 36.f5 Nf4
37.Rf3 Ne2+ 38.Kf1 Nd4 39.f6+ Kf8 40.Rg3 Ke8 41.f7+ 1-0

[Event "2. Bundesliga Ost 2010/2011"]
[Site "2+3.10.Zwettl,30.10-1.11.Wien,27+28.11.Wien,29+30.
[Date "2010.10.02"]
[Round "1"]
[Board "1"]
[White "Maslik, Miroslav"]
[Black "Videki, Sandor"]
[Result "0-1"]
[WhiteElo "2402"]
[BlackElo "2441"]
[PlyCount "64"]
[EventDate "2010.10.02"]
[EventType "team"]
[EventRounds "11"]
[EventCountry "AUT"]
[WhiteTeam "ASVOE Pamhagen"]
[BlackTeam "Spg Data Technology Eichgraben/P."]

1.d4 d5 2.c4 c6 3.Nf3 Nf6 4.e3 Bg4 5.Qb3 Qb6 6.Nc3 e6 7.Nh4 Bh5 8.h3 Na6 9.c5
Qxb3 10.axb3 Nc7 11.g4 Bg6 12.b4 a6 13.Nxg6 hxg6 14.f3 Be7 15.Bg2 Nd7 16.f4 g5
17.O-O gxf4 18.exf4 f5 19.g5 Kf7 20.Bd2 Nb5 21.Be3 Bd8 22.Rfc1 Nxc3 23.bxc3 Bc7
24.Kf2 Nf8 25.Kg3 Ng6 26.Ra2 Rh5 27.Kf3 Rah8 28.Bf1 Rh4 29.Rf2 Bxf4 30.Re1 Rxh3+
31.Bxh3 Rxh3+ 32.Kg2 Rxe3 0-1

[Event "2. Bundesliga Ost 2010/2011"]
[Site "2+3.10.Zwettl,30.10-1.11.Wien,27+28.11.Wien,29+30.
[Date "2010.10.02"]
[Round "1"]
[Board "2"]
[White "Ganaus, Hannes"]
[Black "Cvek, Robert"]
[Result "0-1"]
[WhiteElo "2310"]
[BlackElo "2494"]
[PlyCount "122"]
[EventDate "2010.10.02"]
[EventType "team"]
[EventRounds "11"]
[EventCountry "AUT"]
[WhiteTeam "Spg Data Technology Eichgraben/P."]
[BlackTeam "ASVOE Pamhagen"]

1.d4 Nf6 2.Nf3 e6 3.e3 c5 4.a3 b6 5.dxc5 bxc5 6.Be2 Be7 7.O-O O-O 8.b3 Bb7 9.Bb2
d6 10.c4 Nc6 11.Qc2 h6 12.Rd1 Qc7 13.Nc3 a6 14.h3 Rab8 15.Rab1 Ba8 16.Ba1 Rfd8
17.Nd2 Ne8 18.Na2 Bf6 19.Bxf6 Nxf6 20.b4 Ne5 21.Bf1 Nfd7 22.Rdc1 f5 23.Nc3 Nb6
24.Na4 Ned7 25.Nxb6 Nxb6 26.Nb3 Nd7 27.Qc3 Be4 28.Ra1 Ra8 29.f3 Bb7 30.Na5 Rab8
31.Rab1 Ba8 32.Nb3 Qa7 33.bxc5 Nxc5 34.Nxc5 Qxc5 35.Kh1 Bc6 36.Qd3 Ba4 37.Qc3 a5
38.Be2 Rdc8 39.Kg1 f4 40.Kf2 e5 41.g3 Bd7 42.gxf4 exf4 43.Qd4 fxe3+ 44.Qxe3 Rxb1
45.Qxc5 Rxc5 46.Rxb1 Bxh3 47.Rb6 Be6 48.Rxd6 Bxc4 49.Bxc4+ Rxc4 50.Rd5 Ra4
51.Rd3 Kf7 52.Re3 Kf6 53.Kg3 h5 54.Rc3 h4+ 55.Kh3 g5 56.Rb3 Kf5 57.Kg2 Kf4
58.Rc3 Rd4 59.Rc2 a4 60.Re2 h3+ 61.Kxh3 Kxf3 0-1

[Event "2. Bundesliga Ost 2010/2011"]
[Site "2+3.10.Zwettl,30.10-1.11.Wien,27+28.11.Wien,29+30.
[Date "2010.10.02"]
[Round "1"]
[Board "3"]
[White "Lipka, Juraj"]
[Black "Neumeier, Klaus"]
[Result "1-0"]
[WhiteElo "2414"]
[BlackElo "2374"]
[PlyCount "39"]
[EventDate "2010.10.02"]
[EventType "team"]
[EventRounds "11"]
[EventCountry "AUT"]
[WhiteTeam "ASVOE Pamhagen"]
[BlackTeam "Spg Data Technology Eichgraben/P."]

1.d4 d5 2.c4 c6 3.Nc3 Nf6 4.e3 e6 5.Nf3 Nbd7 6.Bd3 dxc4 7.Bxc4 b5 8.Be2 Bb7
9.O-O Be7 10.e4 b4 11.e5 bxc3 12.exf6 Bxf6 13.bxc3 c5 14.dxc5 Qc7 15.Ba3 Be7
16.Bb5 a6 17.Bxd7+ Qxd7 18.Qxd7+ Kxd7 19.c6+ Bxc6 20.Ne5+ 1-0

[Event "2. Bundesliga Ost 2010/2011"]
[Site "2+3.10.Zwettl,30.10-1.11.Wien,27+28.11.Wien,29+30.
[Date "2010.10.02"]
[Round "1"]
[Board "4"]
[White "Weissenbeck, Manuel"]
[Black "Vitouch, Anatol"]
[Result "0-1"]
[WhiteElo "2316"]
[BlackElo "2262"]
[PlyCount "112"]
[EventDate "2010.10.02"]
[EventType "team"]
[EventRounds "11"]
[EventCountry "AUT"]
[WhiteTeam "Spg Data Technology Eichgraben/P."]
[BlackTeam "ASVOE Pamhagen"]

1.d4 Nc6 2.Nf3 d5 3.Bf4 Bg4 4.Nbd2 e6 5.c3 Bd6 6.Ne5 Nxe5 7.dxe5 Bc5 8.b4 Bb6
9.Nb3 Ne7 10.a4 a5 11.Qd2 O-O 12.e3 c6 13.Bd3 Bf5 14.O-O Bxd3 15.Qxd3 Qb8
16.bxa5 Bxa5 17.Rfb1 b6 18.Nd4 Rc8 19.Nf3 Qb7 20.Ng5 Ng6 21.Rb3 Qa6 22.Qxa6 Rxa6
23.Bg3 Ne7 24.f4 c5 25.Bf2 Ra7 26.Nf3 d4 27.cxd4 c4 28.Rb5 Nd5 29.e4 Nc3 30.d5
Nxb5 31.axb5 c3 32.Rc1 c2 33.Be3 Rac7 34.d6 Rc3 35.Kf2 Kf8 36.Nd4 Ke8 37.Ke2 Kd7
38.Nc6 Rb3 39.Rxc2 Rxb5 40.Nb8+ Rxb8 41.Rc7+ Ke8 42.Re7+ Kf8 43.g4 Rb2+ 44.Kd3
b5 45.Bc5 Rb3+ 46.Ke2 Rc3 47.Rc7 Rxc5 48.Rxc5 Ke8 49.Kd3 Kd7 50.h4 Bd8 51.h5 Rb7
52.Kc3 Bh4 53.Kb3 Bg3 54.f5 Bxe5 55.fxe6+ Kxe6 56.g5 Bxd6 0-1

[Event "2. Bundesliga Ost 2010/2011"]
[Site "2+3.10.Zwettl,30.10-1.11.Wien,27+28.11.Wien,29+30.
[Date "2010.10.02"]
[Round "1"]
[Board "5"]
[White "Hangweyrer, Manfred"]
[Black "Pichler, Michael"]
[Result "1/2-1/2"]
[WhiteElo "2334"]
[BlackElo "2253"]
[PlyCount "51"]
[EventDate "2010.10.02"]
[EventType "team"]
[EventRounds "11"]
[EventCountry "AUT"]
[WhiteTeam "ASVOE Pamhagen"]
[BlackTeam "Spg Data Technology Eichgraben/P."]

1.e4 e6 2.f4 d5 3.e5 c5 4.Nf3 Ne7 5.c3 Nbc6 6.Na3 Nf5 7.Nc2 Be7 8.Bd3 O-O 9.O-O
Nh6 10.Be2 f6 11.d4 Qb6 12.Kh1 cxd4 13.cxd4 f5 14.b4 Bd7 15.Bd2 a5 16.b5 Nb4
17.a4 Nxc2 18.Qxc2 Rfc8 19.Qb3 Qd8 20.h3 b6 21.Bd3 Be8 22.Rg1 Ra7 23.Raf1 Bh5
24.Ng5 Qd7 25.Qb1 Rac7 26.Rc1 1/2-1/2

[Event "2. Bundesliga Ost 2010/2011"]
[Site "2+3.10.Zwettl,30.10-1.11.Wien,27+28.11.Wien,29+30.
[Date "2010.10.02"]
[Round "1"]
[Board "6"]
[White "Mayr, Thomas"]
[Black "Kuthan, Andreas"]
[Result "1/2-1/2"]
[WhiteElo "2122"]
[BlackElo "2204"]
[PlyCount "41"]
[EventDate "2010.10.02"]
[EventType "team"]
[EventRounds "11"]
[EventCountry "AUT"]
[WhiteTeam "Spg Data Technology Eichgraben/P."]
[BlackTeam "ASVOE Pamhagen"]

1.e4 e6 2.d4 d5 3.exd5 exd5 4.Bd3 Nc6 5.c3 Bd6 6.Ne2 Qh4 7.g3 Qh5 8.Nf4 Qxd1+
9.Kxd1 Nf6 10.Re1+ Ne7 11.f3 O-O 12.Na3 c6 13.Nc2 Bf5 14.Ne3 Bxd3 15.Nxd3 Rfe8
16.Bd2 h5 17.Ng2 Nf5 18.Bg5 Nh7 19.Bd2 Nf6 20.Bg5 Nh7 21.Bd2 1/2-1/2

[Event "2. Bundesliga Ost 2010/2011"]
[Site "2+3.10.Zwettl,30.10-1.11.Wien,27+28.11.Wien,29+30.
[Date "2010.10.02"]
[Round "1"]
[Board "1"]
[White "Michalik, Peter"]
[Black "Zilka, Stepan"]
[Result "1/2-1/2"]
[WhiteElo "2455"]
[BlackElo "2479"]
[PlyCount "65"]
[EventDate "2010.10.02"]
[EventType "team"]
[EventRounds "11"]
[EventCountry "AUT"]
[WhiteTeam "1. Wr. Neustaedter SV"]
[BlackTeam "Blackburne Nickelsdorf"]

1.d4 d5 2.c4 c6 3.Nf3 Nf6 4.e3 Bg4 5.Qb3 Qb6 6.Nc3 e6 7.Nh4 Bh5 8.h3 Na6 9.c5
Qxb3 10.axb3 Nc7 11.g4 Bg6 12.b4 a6 13.Nxg6 hxg6 14.Bg2 g5 15.f4 gxf4 16.exf4
Be7 17.Be3 Nd7 18.g5 Rh4 19.Ne2 g6 20.Bf2 Rh7 21.h4 O-O-O 22.Ra3 Rdh8 23.Rah3
Ne8 24.Bf3 Ng7 25.Kf1 Bd8 26.Ng3 Bc7 27.Be3 Nf8 28.Bd2 Kd8 29.Ne2 Ke7 30.Bg4 Nd7
31.Kg2 Nf8 32.Ng3 Kd8 33.Ne2 1/2-1/2

[Event "2. Bundesliga Ost 2010/2011"]
[Site "2+3.10.Zwettl,30.10-1.11.Wien,27+28.11.Wien,29+30.
[Date "2010.10.02"]
[Round "1"]
[Board "2"]
[White "Pinter, Erik"]
[Black "Schroll, Gerhard"]
[Result "1/2-1/2"]
[WhiteElo "2379"]
[BlackElo "2449"]
[PlyCount "37"]
[EventDate "2010.10.02"]
[EventType "team"]
[EventRounds "11"]
[EventCountry "AUT"]
[WhiteTeam "Blackburne Nickelsdorf"]
[BlackTeam "1. Wr. Neustaedter SV"]

1.e4 e5 2.Nf3 Nf6 3.Nxe5 d6 4.Nf3 Nxe4 5.Qe2 Qe7 6.d3 Nf6 7.Bg5 Qxe2+ 8.Bxe2 Be7
9.Nc3 c6 10.O-O-O Na6 11.h3 Nc7 12.Rhe1 Ne6 13.Be3 d5 14.Bf1 O-O 15.Ne2 Bd6
16.Ned4 g6 17.g3 Bd7 18.Bg2 Rfe8 19.Nxe6 1/2-1/2

[Event "2. Bundesliga Ost 2010/2011"]
[Site "2+3.10.Zwettl,30.10-1.11.Wien,27+28.11.Wien,29+30.
[Date "2010.10.02"]
[Round "1"]
[Board "3"]
[White "Mazur, Stefan"]
[Black "Vlcek, Stanislav"]
[Result "1/2-1/2"]
[WhiteElo "2402"]
[BlackElo "2257"]
[PlyCount "85"]
[EventDate "2010.10.02"]
[EventType "team"]
[EventRounds "11"]
[EventCountry "AUT"]
[WhiteTeam "1. Wr. Neustaedter SV"]
[BlackTeam "Blackburne Nickelsdorf"]

1.e4 c5 2.Nf3 d6 3.d4 cxd4 4.Nxd4 Nf6 5.Nc3 a6 6.f4 e6 7.Bd3 b5 8.O-O Bb7 9.a3
Be7 10.Kh1 Nbd7 11.Qe2 Nc5 12.Bd2 O-O 13.b4 Nxd3 14.cxd3 Nd7 15.Rac1 Rc8 16.Be3
Bf6 17.Nb1 Rxc1 18.Rxc1 Qb8 19.Nc6 Qa8 20.Na5 Rc8 21.Qd1 Rxc1 22.Qxc1 Qb8 23.Nd2
Qc8 24.Qxc8+ Bxc8 25.Ndb3 Kf8 26.Kg1 Bb2 27.Bc1 Bf6 28.Be3 Bb2 29.Bc1 Bf6 30.Kf2
Ke8 31.Be3 Bb2 32.Bc1 Bf6 33.Be3 Bb2 34.Bc1 Bf6 35.Ke2 Kd8 36.Be3 Kc7 37.Bd4 e5
38.Be3 exf4 39.Bxf4 Ne5 40.h3 Be6 41.Nd4 Ng6 42.Nxe6+ fxe6 43.Bc1 1/2-1/2

[Event "2. Bundesliga Ost 2010/2011"]
[Site "2+3.10.Zwettl,30.10-1.11.Wien,27+28.11.Wien,29+30.
[Date "2010.10.02"]
[Round "1"]
[Board "4"]
[White "Bachofner, Andreas"]
[Black "Steiner, Adam"]
[Result "0-1"]
[WhiteElo "2243"]
[BlackElo "2232"]
[PlyCount "74"]
[EventDate "2010.10.02"]
[EventType "team"]
[EventRounds "11"]
[EventCountry "AUT"]
[WhiteTeam "Blackburne Nickelsdorf"]
[BlackTeam "1. Wr. Neustaedter SV"]

1.Nf3 c5 2.b3 d6 3.Bb2 e5 4.d3 Nc6 5.c4 g6 6.Nc3 Bg7 7.e3 Nge7 8.Be2 O-O 9.Nd5
Nxd5 10.cxd5 Ne7 11.e4 f5 12.Qc2 h6 13.Nd2 Bd7 14.a4 Rb8 15.Nc4 Qc7 16.O-O f4
17.Bc3 g5 18.h3 f3 19.Bxf3 Rxf3 20.gxf3 Bxh3 21.Rfe1 Ng6 22.Kh2 Qf7 23.Rg1 Nf4
24.Rg4 Bxg4 25.fxg4 Nxd3 26.Qxd3 Qxf2+ 27.Kh1 Rf8 28.Be1 Qf4 29.Nxd6 Qxg4 30.Nf5
Rxf5 31.exf5 e4 32.Qf1 Bxa1 33.d6 Qf3+ 34.Qxf3 exf3 35.d7 Bf6 36.Bc3 Bd8 37.Be5
Kf7 0-1